Health is wealth (Volume 3) (Record no. 90092)

MARC details
000 -LEADER
fixed length control field 02353nam a2200229Ia 4500
000 - LEADER
fixed length control field 02794naaa 00277uu
001 - CONTROL NUMBER
control field https://directory.doabooks.org/handle/20.500.12854/64160
008 - FIXED-LENGTH DATA ELEMENTS--GENERAL INFORMATION
fixed length control field 211013s9999 xx 000 0 und d
024 ## - OTHER STANDARD IDENTIFIER
Standard number or code https://doi.org/10.2867/571013
042 ## - AUTHENTICATION CODE
Authentication code dc
100 1# - MAIN ENTRY--PERSONAL NAME
Personal name Makasa, Emmanuel Malabo
245 #0 - TITLE STATEMENT
Title Health is wealth (Volume 3)
260 ## - PUBLICATION, DISTRIBUTION, ETC.
Name of publisher, distributor, etc. European Investment Bank
Date of publication, distribution, etc. 2019
520 ## - SUMMARY, ETC.
Summary, etc. Surgical intervention saves lives, but health policies in the developing world have often been too feeble or too focused on treating specific emergencies, rather than ensuring that everyone has access to true universal healthcare. Many rural areas in Africa still have high maternal and infant death rates because there are no local surgeons. Many children drop out of school because their untreated disabilities prevent them from walking the long distances to classes. Surgery can help women who suffer after prolonged childbirth or restore eyesight for the elderly suffering from cataracts. Management of congenital disabilities such as a cleft palate guarantees better nutrition for kids. Investing in healthcare and better surgical capacity enables countries to improve the overall quality of life and avoid discrimination, but it also creates well-paid, respectable jobs and helps the economy. Emmanuel M. Makasa, a Zambian surgeon and representative to the United Nations, has been fighting for years to make surgery accessible to everyone. He has a special interest in providing surgical access to rural communities in the developing world as well as helping physically challenged people lead a better life. This is the third essay in the Big Ideas series created by the European Investment Bank. The EIB is inviting international thought leaders to write about the most important issues of the day. The essays are a reminder that we need new thinking to protect the environment, promote equality and improve people's lives around the globe.
540 ## - TERMS GOVERNING USE AND REPRODUCTION NOTE
Terms governing use and reproduction Creative Commons
653 ## - INDEX TERM--UNCONTROLLED
Uncontrolled term Business & Economics
700 1# - ADDED ENTRY--PERSONAL NAME
Personal name European Investment Bank
700 1# - ADDED ENTRY--PERSONAL NAME
Personal name European Investment Bank
856 ## - ELECTRONIC LOCATION AND ACCESS
Uniform Resource Identifier <a href="https://docs.google.com/spreadsheets/d/1yKIrdCPDAG_9c22mwoOIO2DOhtj65Wqa/edit?usp=sharing&ouid=106555315294820607512&rtpof=true&sd=true ">https://docs.google.com/spreadsheets/d/1yKIrdCPDAG_9c22mwoOIO2DOhtj65Wqa/edit?usp=sharing&ouid=106555315294820607512&rtpof=true&sd=true </a>
Link text List of Curated E-Books
942 ## - ADDED ENTRY ELEMENTS (KOHA)
Koha item type E-Book

No items available.

University of Rizal System
Email us at univlibservices@urs.edu.ph

Visit our Website www.urs.edu.ph/library